How to get results from interviewing: a practical guide for operating management
Furkejuvvon:
| Váldodahkki: | |
|---|---|
| Materiálatiipa: | Girji |
| Giella: | eaŋgalasgiella |
| Almmustuhtton: |
Nueva York
McGraw-Hill
1970
|
| Fáttát: | |
| Fáddágilkorat: |
Lasit fáddágilkoriid
Eai fáddágilkorat, Lasit vuosttaš fáddágilkora!
|
MARC
| LEADER | 00000nam a2200000 a 4500 | ||
|---|---|---|---|
| 001 | UCG0317 | ||
| 003 | CL-VaPUC | ||
| 008 | 100318e19700000US |||||||||||||||||eng|d | ||
| 082 | 0 | 4 | |a 658.31124 |b BLA |2 21 |
| 100 | 0 | |a Black, James Menzies |e author |9 547697 | |
| 245 | 1 | 0 | |a How to get results from interviewing: a practical guide for operating management |
| 300 | |a 203 p | ||
| 942 | |c BK | ||
| 945 | |d 20100318 00:00:00 |a rbrito | ||
| 260 | |a Nueva York |b McGraw-Hill |c 1970 | ||
| 650 | 0 | |a Gestión administrativa |9 375217 | |
| 650 | 7 | |a ENTREVISTAS PARA CONTRATAR |2 CL-VaPUC |9 547698 | |
| 650 | 0 | |a Gestión de la información |9 362327 | |
| 583 | |a last modification |c 20121214 09:57:39 |k Rodrigo Vera | ||
| 999 | |c 339992 |d 339990 | ||
| 952 | |0 0 |1 0 |4 0 |6 658_311240000000000_BLA_1970 |7 0 |8 P |9 434294 |a BIBEDU |b BIBEDU |c BIBEDU_PB |d 2019-11-22 |i 4643976 |o 658.31124 BLA 1970 |p 4643976 |r 2024-01-25 |w 2019-11-22 |y BK |k EDU | ||